000 00526nam a2200181Ia 4500
008 180921t2006 xxu||||| |||| 00| 0 sin d
041 _asin
080 _a681.31
_bDAS
100 _aDassanayake, D.M.M.
245 _aමෝටර් රථ වායුසමීකරණය
246 _aMotor ratha vaayusameekarana
260 _bDamuthu
_bNugegoda
_c2006
300 _a434p., ill., 22 cm
650 _aMechanics
_aVehicle
_aAir conditioning
942 _cBK
999 _c16933
_d16933
003 LK-CoDNM
040 _aLK-CoDNM
_dLK-CoDNM
_eLK-CoDNM